00439 2200181 4500001002100000005001500021008004100036020001800077035001900095041000700114082000800121090001400129100001400143245002900157260003500186300001900221650001700240INLIS00000000001854720241224115526241224||||||||| | ||| |||| || |  a979-9133-84-x 0010-1224018547 aid0 a813 a813 YAN r0 aYandianto00aRAHASIA SEPASANG BINTANG aBandungbLESTARI BANDUNGc2007 a138hlm;14x21cm 0aKesusastraan